Contributions to Virginia geology--II. (Record no. 27655)

MARC details
000 -LEADER
fixed length control field 02033cam a22003491 4500
001 - CONTROL NUMBER
control field gs 40000271
003 - CONTROL NUMBER IDENTIFIER
control field DLC
005 - DATE AND TIME OF LATEST TRANSACTION
control field 20260227111345.0
008 - FIXED-LENGTH DATA ELEMENTS--GENERAL INFORMATION
fixed length control field 770805s1939 vauabf s000 0 eng c
010 ## - LIBRARY OF CONGRESS CONTROL NUMBER
LC control number gs 40000271
035 ## - SYSTEM CONTROL NUMBER
System control number (OCoLC)3163992
040 ## - CATALOGING SOURCE
Original cataloging agency U.S. Geol. survey. Library
Transcribing agency LNU
Modifying agency DLC
050 00 - LIBRARY OF CONGRESS CALL NUMBER
Classification number QE173
Item number .A2 no. 51
110 2# - MAIN ENTRY--CORPORATE NAME
Corporate name or jurisdiction name as entry element Virginia Geological Survey.
245 10 - TITLE STATEMENT
Title Contributions to Virginia geology--II.
260 ## - PUBLICATION, DISTRIBUTION, ETC.
Place of publication, distribution, etc. University, Va.,
Date of publication, distribution, etc. 1939.
300 ## - PHYSICAL DESCRIPTION
Extent xi, 185 p. incl. illus., tables
Other physical details 26 pl. (incl. fold. maps, fold. diagr.)
Dimensions 23 cm.
490 0# - SERIES STATEMENT
Series statement Bulletin 51
500 ## - GENERAL NOTE
General note At head of title: Commonwealth of Virginia. Virginia conservation commission. Virginia Geological survey ...
500 ## - GENERAL NOTE
General note Each section has special t.-p. and contents.
505 0# - FORMATTED CONTENTS NOTE
Formatted contents note A. A southeastern limestone facies of lower Cambrian dolomite in Wythe and Carroll counties, Virginia, by G. W. Stose and A. I. Jonas.--B. Geology of Powell valley in northeastern Lee county, Virginia, by R. L Bates.--C. Ridge-making thin sandstone in Frederick county, Virginia, by R. S. Edmundson.--D. Varved slates in Fauquier county, Virginia, by L. R. Thiesmeyer.--E. Geology and artesian-water resources of a part of the southern Virginia coastal plain, by D. J. Cederstrom.--F. Notes on the Petersburg granite, by R. O. Bloomer.--G. Origin of the narrow Cambrian belts north of Draper mountain, Virginia, by B. N. Cooper.--H. Geology of Little North mountain in northern Virginia, by Charles Butts and R. S. Edmundson.
650 #0 - SUBJECT ADDED ENTRY--TOPICAL TERM
Topical term or geographic name entry element Geology
Geographic subdivision Virginia.
700 1# - ADDED ENTRY--PERSONAL NAME
Personal name Stose, George Willis,
Dates associated with a name 1869-1960.
700 1# - ADDED ENTRY--PERSONAL NAME
Personal name Jonas, Anna I.
Fuller form of name (Anna Isabel),
Dates associated with a name 1881-
700 1# - ADDED ENTRY--PERSONAL NAME
Personal name Bates, Robert Latimer,
Dates associated with a name 1912-
700 1# - ADDED ENTRY--PERSONAL NAME
Personal name Edmundson, Raymond Smith,
Dates associated with a name 1908-
700 1# - ADDED ENTRY--PERSONAL NAME
Personal name Thiesmeyer, Lincoln R.
Fuller form of name (Lincoln Reuber),
Dates associated with a name 1908-
700 1# - ADDED ENTRY--PERSONAL NAME
Personal name Cederstrom, D. J.
Fuller form of name (Dagfin John),
Dates associated with a name 1908-1997.
700 1# - ADDED ENTRY--PERSONAL NAME
Personal name Bloomer, Robert O.
Fuller form of name (Robert Oliver),
Dates associated with a name 1912-
700 1# - ADDED ENTRY--PERSONAL NAME
Personal name Cooper, Byron Nelson,
Dates associated with a name 1912-1971
700 1# - ADDED ENTRY--PERSONAL NAME
Personal name Butts, Charles,
Dates associated with a name 1863-1946.

No items available.

Powered by Koha